Digital orthodontics (Registro nro. 10877)

000 -CABECERA
Campo de control de longitud fija 01911nam a22003017a 4500
003 - IDENTIFICADOR DEL NÚMERO DE CONTROL
Campo de control OSt
005 - FECHA Y HORA DE LA ÚLTIMA TRANSACCIÓN
Campo de control 20260423185734.0
008 - CÓDIGOS DE INFORMACIÓN DE LONGITUD FIJA
Campo de control de longitud fija 260423t2024 xxu||||| |||| 00| 0 eng d
020 ## - NÚMERO INTERNACIONAL NORMALIZADO PARA LIBROS (ISBN)
Número Internacional Normalizado para Libros (ISBN) 9783031790966
020 ## - NÚMERO INTERNACIONAL NORMALIZADO PARA LIBROS (ISBN)
Número Internacional Normalizado para Libros (ISBN) 9783031790959
040 ## - FUENTE DE LA CATALOGACIÓN
Centro catalogador de origen Unicoc
Lengua de catalogación spa
Centro que cataloga Bogotá (Dr. David Ordóñez Rueda) - Campus Norte
Centro modificador Bogotá (Dr. David Ordóñez Rueda) - Campus Norte
082 ## - NÚMERO DE LA CLASIFICACIÓN DECIMAL DEWEY
Número de clasificación 617.643
100 ## - PUNTO DE ACCESO PRINCIPAL - NOMBRE DE PERSONA
9 (RLIN) 12769
Nombre de persona Abela, Stefan
245 ## - MENCIÓN DE TÍTULO
Título Digital orthodontics
Subtitulo o Resto del título : providing a contemporary treatment solution
Mención de responsabilidad etc. / Stefan Abela
250 ## - MENCIÓN DE EDICIÓN
Mención de edición 1 Ed.
260 ## - PUBLICATION, DISTRIBUTION, ETC. (IMPRINT)
Lugar de publicación distribución etc. Suiza :
Nombre del editor distribuidor etc. Springer ,
Fecha de publicación distribución etc. 2024.
300 ## - DESCRIPCIÓN FÍSICA
Extensión 188 páginas
Otras características físicas Ilustraciones, diagramas, tablas, gráficas
500 ## - NOTA GENERAL
Nota general Incluye Bibliografía
505 ## - NOTA DE CONTENIDO CON FORMATO
Título Part I. Basic Concepts and Materials. --
-- 1. Basic Clinical Concepts. --
-- 2. Basic CAD/CAM Principles. --
-- 3. 3D Printing. --
-- 4. Washing and Post-Processing Procedures. --
-- Part II. Clinical Applications of Digital Orthodontics. --
-- 5. Digital Orthodontic Model Creation. --
-- 6. Digital Orthodontic Appliance Design. --
-- 7. In-House Clear Aligner Design and Printing. --
-- 8. Indirect Bonding. --
-- 9. Customisation and 3D Printing of Fixed Appliance Brackets. --
-- 10. Digital Delivery of Orthodontic Mini-Implants (OMIs). --
-- 11. Digital Delivery of Orthognathic Surgery and Surgical Wafers. --
-- Part III. Future Evolution of Digital Orthodontics. --
-- 12. Developments in Digital Orthodontics. --
-- Part IV. Scientific Evidence Available in Digital Orthodontics. --
-- 13. Evidence-Based Digital Orthodontics.
526 ## - NOTA DE INFORMACIÓN SOBRE EL PROGRAMA DE ESTUDIO
Institución que aplica el campo Unicoc
546 ## - NOTA DE LENGUA
Nota de lengua Inglés
650 #0 - PUNTO DE ACCESO ADICIONAL DE MATERIA - TÉRMINO DE MATERIA
9 (RLIN) 12509
Término de materia o nombre geográfico como elemento inicial Ortodoncia digital
650 #0 - PUNTO DE ACCESO ADICIONAL DE MATERIA - TÉRMINO DE MATERIA
9 (RLIN) 11097
Término de materia o nombre geográfico como elemento inicial Odontología digital
650 #0 - PUNTO DE ACCESO ADICIONAL DE MATERIA - TÉRMINO DE MATERIA
9 (RLIN) 160
Término de materia o nombre geográfico como elemento inicial SISTEMAS CAD/CAM
658 #0 - TÉRMINO DE INDIZACIÓN - OBJETIVO CURRICULAR
9 (RLIN) 11722
Programa Académico Especialización en Ortodoncia y Ortopedia Maxilar
856 ## - LOCALIZACIÓN Y ACCESO ELECTRÓNICOS
Texto del enlace Acceso online exclusivo para comunidad Unicoc.
Identificador Uniforme del Recurso (URI) https://unicoceduco-my.sharepoint.com/:b:/g/personal/direccionbiblioteca_unicoc_edu_co/IQD_Nvhr57NXQZwRF_yLm6RgAYaSIipWWtv9lNP9Wfwis1E
942 ## - ENTRADA PARA ELEMENTOS AGREGADOS (KOHA)
Fuente de clasificación o esquema de ordenación en estanterías
Koha [por defecto] tipo de item Libro electrónico
Existencias
Fuente de adquisición Precio Fecha de adquisición Estado de pérdida Fuente de clasificación o esquema de ordenación en estanterías Estropeado Localización permanente Código de barras No para préstamo Localización actual Fecha del precio de reemplazo Código de colección Tipo de item de Koha Signatura completa Fecha última consulta
Compra200000.002026-04-23   Bogotá (Dr. David Ordóñez Rueda) - Campus NorteEbook10877 Bogotá (Dr. David Ordóñez Rueda) - Campus Norte2026-04-23Coleccion OnlineLibro electrónico617.6432026-04-23

© 2014 UNICOC | Institución Universitaria Colegios de Colombia - UNICOC
Bogotá D.C. Autopista Norte Km. 20. Teléfono:(571)6683535
Cali: Calle 13 Norte No. 3N-13. Teléfono: (572)6608887

Con tecnología de Koha